| 000 | 00948nam a2200265Ia 4500 | ||
|---|---|---|---|
| 003 | OSt | ||
| 005 | 20221005104831.0 | ||
| 006 | a|||||r|||| 00| 0 | ||
| 007 | ta | ||
| 008 | 221004b |||||||| |||| 00| 0 hin d | ||
| 020 |
_a8173120323 _c300 |
||
| 024 | _a81886 | ||
| 037 |
_b1551, 30/03/2005, P.T. Book International _cTextual |
||
| 040 |
_aCRL _cCRL _bhin |
||
| 041 |
_2hin _ahin |
||
| 082 | _a4,1x21, 152P5 | ||
| 100 | _aरैणा, गौरीशंकर | ||
| 245 | 0 | _aसंचार टेक्नोलॉजी | |
| 246 | _aSanchār ṭeknolaॉjī | ||
| 260 |
_aदिल्ली _bश्री नटराज प्रकाशन भारत _c2005 |
||
| 300 |
_a160पृ0 _ccm. |
||
| 650 | _aहिन्दी पत्रकारिता | ||
| 942 |
_h4,1x21, 152P5 _cTEXL _2cc |
||
| 999 |
_c1013937 _d1013937 |
||